00588nam a22001937a 4500003001100000005001700011008004100028040003900069041000800108082001300116100002800129245003100157260003400188650003300222700003000255942000700285952008700292999001500379LK-CoMWRAF20230908182452.0230908b1996 |||||||| |||| 00| 0 eng d aLK-CoMWRAFdLK-CoMWRAFeLK-CoMWRAF aeng a823bMAR aMarquez, Gabriel Garcia aThe Autumn of the patrirch aIndia :bPenguin books,c1996 aEnglish Fiction-Translations aRabassa, Gregory etrans. cBK 00104070aMAINbMAINd2023-09-08l0o823 MARpRAF962r2023-09-08w2023-09-08yBK c3492d3492